Responses for Show #5263 - Wednesday, June 27, 2007

Cathy Lanctot game 2.

Contestants

[<< previous game]

Joe Sosnoff, a sales coordinator from Holden, Massachusetts

Judson Knight, a literary agent and writer from Madison, Georgia

Cathy Lanctot, a law professor from Wilmington, Delaware (whose 1-day cash winnings total $38,001)

[next game >>]

Jeopardy! Round responses

SYMBOLOGY
WHAT'S IN A CELEBRITY NAME?
THAT'S SHOE BIZ
CROSSWORD CLUES "K"
NO MATTER WHAT YOU'VE HEARD
I'M NOT DEAD YET
    $200 16
molar

Joe
    $200 17
John Cleese

Cathy
    $200 26
Nike

Joe
    $200 10
a kennel

Joe
    $200 6
(Joe: What is wheezing?)
(Alex: No.)
(Joe: [Winces])
...
(Alex: [*], yes. Six letters only.)

wheeze

JudsonJoe
    $200 1
Clemens

Judson
    $400 20
the elephant and the donkey

Cathy
    $400 18
Kiefer Sutherland

Joe
    $400 27
Bass

Judson
    $400 11
knitting

Cathy
    $400 7
a rattlesnake

Cathy
    $400 2
Jerry Mathers

Cathy
    $600 23
the number sign

Joe
    $600 19
Gone with the Wind

Joe
    $600 28
(Alex: Oh, you don't have kids. Those are [*]. Very popular with the young set. Judson, back to you.)
(Judson: [Smiles] I do have kids, but I don't recognize 'em.)

uggs

Triple Stumper
    $600 13
kiss

Cathy
    $600 8
(Cathy: What is Dolby?)
...
(Alex: It's not Dolby; it's the other one. [*]. [*].)

THX

Cathy
Triple Stumper
    $600 3
James Earl Jones

Judson
    $800 24
(Alex: Sorry, Cathy. Not quickly enough.)

Chance

Triple Stumper
    $800 21
Tippi Hedren

Cathy
    $800 29
(Judson: What are Dr. Scholl's?)

Birkenstocks

CathyJudson
    $800 14
kangaroo

Joe
    $800 9
a steel drum

Joe
    $800 4
Bob Hope

Cathy
    $1000 25
a fish

Joe
    $1,800 22
Gilda Radner

Cathy
    $1000 30
Jimmy Choo

Cathy
    $1000 15
Kafkaesque

Judson
    $1000 12
Vista

Joe
    $1000 5
Rudyard Kipling

Joe

Scores at the first commercial break (after clue 15):

Cathy Judson Joe
$2,000 $2,000 $3,600

Scores at the end of the Jeopardy! Round:

Cathy Judson Joe
$7,000 $1,600 $6,600

Double Jeopardy! Round responses

WORLD CAPITALS
LONGEST-SERVING SITCOM ACTOR
VATICAN CURIOSITIES
HODGEPODGE
MUSCLING IN
GIVE ME A "HAND"
    $400 1
Rome

Joe
    $400 10
Elizabeth Montgomery

Cathy
    $400 6
Galileo

Judson
    $400 19
(Joe: What is a jaguar?)

puma

Joe
Triple Stumper
    $400 24
lactic acid

Joe
    $400 9
a handmaiden

Cathy
    $800 2
Jerusalem

Joe
    $800 11
(Alex: The whole run, yes.)

Hal Linden

Cathy
    $800 7
(Cathy: What is the Vatican bus?)
(Joe: Uh, what is a subway?)

the Vatican railroad

CathyJoe
Triple Stumper
    $800 20
The Little Foxes

Cathy
    $800 25
gluteus maximus

Joe
    $800 15
(Joe: What is a handbook?)

sleight of hand

CathyJoe
    $1200 3
Bucharest

Judson
    $1200 12
Kelsey Grammer

Cathy
    $1200 8
a bowling alley

Joe
    $1200 21
Vermont

Cathy
    $1200 26
(Joe: What is skeleton?)

smooth muscles

Joe
Triple Stumper
    $1200 16
The hand that rocks the cradle

Joe
    $1,400 4
Prague

Judson
    $1600 13
(Alex: [*] was there for the entire run.)

Joyce DeWitt

Triple Stumper
    $1600 28
(Alex: [After the next clue is revealed as the Daily Double] I suppose if the pope wasn't dead, tapping him with the hammer might put him over the edge.)
(Cathy: I think he might've--might--he might hit back.)
(Alex: Yeah.)

silver

Cathy
    $1600 22
Lascaux

Judson
    $1600 27
(Judson: The clavicle?)

the trapezius muscles

Judson
Triple Stumper
    $1600 17
(Joe: [After ringing in but before being called on] Who is [*]?)
(Alex: --says Joe, and you're right.)

W.C. Handy

Joe
    $2000 5
(Cathy: What is Johannesburg?)
(Judson: What is Pretoria?)

Bloemfontein

CathyJudson
Triple Stumper
    $2000 14
(Cathy: Who is Gary Burghoff?)

Jamie Farr

CathyJudson
    $1,400 29
the College of Cardinals

Cathy
    $2000 23
lace

Triple Stumper
    $2000 30
the calf

Judson
    $2000 18
four-in-hand

Cathy

Scores at the end of the Double Jeopardy! Round:

Cathy Judson Joe
$12,800 $6,600 $9,800

[wagering suggestions for these scores]

Final Jeopardy! Round responses

LITERATURE
(Alex: There's one name in that list that should have been recognizable, because he was the best friend of one of the main characters in this work.)
...
(Alex: [Revealing Judson's response] You are correct. Yes. Patroclus was a friend of Achilles.)
JudsonWhat is The Iliad?
$6,600
JoeWhat is the Iliad?
$8,100
CathyWhat is the ILIAD?
$6,801
the Iliad

Final scores:

Cathy Judson Joe
$19,601 $13,200 $17,900
2-day champion: $57,602 3rd place: $1,000 2nd place: $2,000

Game dynamics:

Coryat scores:

Cathy Judson Joe
$12,600 $6,800 $9,800
21 R
(including 2 DDs),
4 W
11 R
(including 1 DD),
3 W
18 R,
5 W

Combined Coryat: $29,200

[game clues] [game scores] [suggest correction]

Game tape date: 2007-03-07
The J! Archive is created by fans, for fans. Scraping, republication, monetization, and malicious use prohibited; this site may use cookies and collect identifying information. See terms. The Jeopardy! game show and all elements thereof, including but not limited to copyright and trademark thereto, are the property of Jeopardy Productions, Inc. and are protected under law. This website is not affiliated with, sponsored by, or operated by Jeopardy Productions, Inc. Join the discussion at JBoard.tv.